| 000 | 00879nam a2200229Ii 4500 | ||
|---|---|---|---|
| 003 | JO-AjNU | ||
| 008 | 230605s9999||||xx |||||||||||||| ||und|| | ||
| 017 | _a2012/8/3107 | ||
| 020 | _a978-9957-568-01-6 | ||
| 040 |
_aJO-AjNU _bara _erda _cJO-AjNU |
||
| 041 | _aara | ||
| 050 | 1 | 4 | _aNC1429 2012 |
| 100 | 3 |
_aإعداد وتحرير، النجار، سليم، إعداد وتحرير نضال القاسم، إعداد وتحرير أحمد أبو سليم, _eauthor _950545 |
|
| 245 | 0 | 0 | _aناجي العلي: نبض لم يزل فينا |
| 250 | _aط1 | ||
| 264 | 3 | 1 | _aعمان: دار البيروني، 2012 |
| 300 |
_a212ص _b يحتوي على ايضاحات |
||
| 336 |
_atext _btxt _2rdacontent |
||
| 337 |
_aunmediated _bn _2rdamedia |
||
| 338 |
_avolume _bnc _2rdacarrier |
||
| 650 | 4 |
_aالرسوم الكاريكاتورية - السيرة الذاتية _950546 |
|
| 999 |
_aA22272 _c25840 _d25840 |
||